ბათუმის შოთა რუსთაველის სახელმწიფო უნივერსიტეტის ბიბლიოთეკა

Diplomacy.Theory and Practice. (ბიბ.ჩანაწერი № 45311)

000 -LEADER
fixed length control field 00521nam a2200217Ia 4500
001 - CONTROL NUMBER
control field 12135
003 - CONTROL NUMBER IDENTIFIER
control field GE_BSU
008 - FIXED-LENGTH DATA ELEMENTS--GENERAL INFORMATION
fixed length control field 181216s||||||||xx |||||||||||||| ||und||
020 ## - INTERNATIONAL STANDARD BOOK NUMBER
International Standard Book Number 9780230229600
040 ## - CATALOGING SOURCE
Transcribing agency GE_BSU
100 ## - MAIN ENTRY--PERSONAL NAME
Personal name Berridge,G.R.
245 ## - TITLE STATEMENT
Title Diplomacy.Theory and Practice.
245 ## - TITLE STATEMENT
Remainder of title Fourth Edition.
260 ## - PUBLICATION, DISTRIBUTION, ETC.
Place of publication, distribution, etc. New York.
260 ## - PUBLICATION, DISTRIBUTION, ETC.
Name of publisher, distributor, etc. Palgrave macmillan.
260 ## - PUBLICATION, DISTRIBUTION, ETC.
Date of publication, distribution, etc. 2010
300 ## - PHYSICAL DESCRIPTION
Extent 282p.22cm.
653 ## - INDEX TERM--UNCONTROLLED
Uncontrolled term Diplomacy.Theory and Practice.Fourth Edition.
942 ## - ADDED ENTRY ELEMENTS (KOHA)
Koha item type წიგნი
ეგზემპლარები
Withdrawn status Lost status Damaged status Not for loan Date acquired Barcode Date last seen Price effective from Koha item type
        2018-12-17 36010 2018-12-17 2018-12-17 წიგნი